000 00426nam a2200205Ia 4500
003 IT-RoPAU
008 120407s9999 xx 000 0 und d
040 _aIT-RoPAU
040 _cIT-RoPAU
041 _aita
100 _aRobert Louis Stevenson
245 _aL’isola del tesoro
260 _aEdizioni Paoline
260 _c1962
300 _c cm
490 _aMaestri
490 _v138
942 _cBK
999 _c207
_d207